000 01005nas a2200325 4500
001 BR0201634
003 BR-BrBNA
005 20231205102829.0
007 ta
008 230509b bl.|||p| |||| 00| 00por d
040 _aBR-BrBNA
_bpor
_cBiblioteca Nacional de Agricultura
041 _a(Pt)
072 _aF06; P10
100 1 _aCosta, J.R.M.
100 1 _aLima, C.A. de A.
100 1 _aLima, E.D.P. de A.
100 1 _aCavalcante, L.F.
100 1 _aOliveira, F.K.D. de
245 1 _aCaracterização dos frutos de maracujá amarelo irrigados com água salina
650 _aMARACUJÁ PEROBA
650 _aIRRIGAÇÃO
650 _aÁGUA SALOBRA
650 _aCOVA
650 _aPOLIETILENO
650 _aPROPRIEDADE FÍSICO-QUÍMICA
650 _aRIO GRANDE DO NORTE
773 0 _tRevista Brasileira de Engenharia Agrícola e Ambiental (Brazil)
_xISSN 1415-4366
_g(Jan-Apr 2001), v. 5(1) p. 143-146
_wBR0201634
909 _a202311
_bLúcia
_c55
_dLúcia Elande
942 _2AGRIS
_n0
_cANA
999 _c169573
_d169573